000 00683nam a2200217Ii 4500
003 JO-AjNU
008 230605s9999||||xx |||||||||||||| ||und||
017 _a2009/8/3571
020 _a978/9987/11/828/0
040 _aJO-AjNU
_bara
_erda
_cJO-AjNU
041 _aara
050 1 4 _aQA76.9.A25.H87 2010
100 3 _aحسين، عبد الامير خلف,
_eauthor
_931428
245 0 0 _aطرق التشفير للمبتدئين
264 3 1 _aعمان:دار وائل ، 2010
300 _a332ص
336 _atext
_btxt
_2rdacontent
337 _aunmediated
_bn
_2rdamedia
338 _avolume
_bnc
_2rdacarrier
650 4 _aامن المعلومات - التشفير
_931429
999 _aA12570
_c16138
_d16138